Landlords may face disability access costs (Record no. 72813)
[ view plain ]
| 000 -LEADER | |
|---|---|
| fixed length control field | 01057cam a2200217 4500 |
| 001 - CONTROL NUMBER | |
| control field | WB3921-14 |
| 008 - FIXED-LENGTH DATA ELEMENTS--GENERAL INFORMATION | |
| fixed length control field | 030604n2003 000 0 eng u |
| 035 ## - SYSTEM CONTROL NUMBER | |
| System control number | (Sirsi) u122511 |
| 245 ## - TITLE STATEMENT | |
| Title | Landlords may face disability access costs |
| 260 ## - PUBLICATION, DISTRIBUTION, ETC. | |
| Date of publication, distribution, etc. | 2003 |
| 490 ## - SERIES STATEMENT | |
| Series statement | Donaldsons Press Release |
| Volume/sequential designation | 23 April 2003 (1) |
| 520 ## - SUMMARY, ETC. | |
| Summary, etc. | Donaldsons have warned that landlords could find themselves bearing much of the expected £1.1bn cost of occupier compliance with the Disability Discrimination Act 1995, as occupiers seek to recoup the cost by seeking rent reductions from their landlords. They suggest rent review surveyors assess the potential for all leased properties urgently. http://www.donaldsons.co.uk/rcs/Reef/62248/pressoffice_pub/index.xml. |
| 590 ## - LOCAL NOTE (RLIN) | |
| Local note | WB |
| 650 ## - SUBJECT ADDED ENTRY--TOPICAL TERM | |
| Topical term or geographic name entry element | DISABILITY DISCRIMINATION ACT 1995 |
| 650 ## - SUBJECT ADDED ENTRY--TOPICAL TERM | |
| Topical term or geographic name entry element | MANAGEMENT-BUSINESS MANAGEMENT-DISCRIMINATION-DISABILITY DISCRIMINATION-ACCESSIBILITY |
| 650 ## - SUBJECT ADDED ENTRY--TOPICAL TERM | |
| Topical term or geographic name entry element | RENT REVIEWS |
| 650 ## - SUBJECT ADDED ENTRY--TOPICAL TERM | |
| Topical term or geographic name entry element | RENT REDUCTION |
| 650 ## - SUBJECT ADDED ENTRY--TOPICAL TERM | |
| Topical term or geographic name entry element | OCCUPIERS |
| 690 ## - LOCAL SUBJECT ADDED ENTRY--TOPICAL TERM (OCLC, RLIN) | |
| Topical term or geographic name as entry element | PROPERTY-LANDLORD AND TENANT |
| 942 ## - ADDED ENTRY ELEMENTS (KOHA) | |
| Suppress in OPAC | 0 |
| Withdrawn status | Lost status | Source of classification or shelving scheme | Damaged status | Not for loan | Home library | Current library | Shelving location | Date acquired | Total Checkouts | Full call number | Barcode | Date last seen | Copy number | Price effective from | Koha item type |
|---|---|---|---|---|---|---|---|---|---|---|---|---|---|---|---|
| Dewey Decimal Classification | London | London | News article | 04/06/2003 | WB3921-14 | 122511-1001 | 06/08/2019 | 1 | 06/08/2019 | News article |